Normal view
MARC view
- الفقه الإسلامي- تاريخ- الشريعة الاسلامية
Entry Topical Term
001 - CONTROL NUMBER
- control field: 35317
003 - CONTROL NUMBER IDENTIFIER
- control field: JO-AjAnu
005 - DATE AND TIME OF LATEST TRANSACTION
- control field: 20230606075916.0
008 - FIXED-LENGTH DATA ELEMENTS
- fixed length control field: 230606|| aca||aabn | a|a d
040 ## - CATALOGING SOURCE
- Original cataloging agency: JO-AjAnu
- Transcribing agency: JO-AjAnu
150 ## - HEADING--TOPICAL TERM
- Topical term or geographic name entry element: الفقه الإسلامي- تاريخ- الشريعة الاسلامية
670 ## - SOURCE DATA FOUND
- Source citation: Work cat.: (JO-AjAnu)18136: مراجعة وتصحيح وتهذيب السايس، محمد علي, author 35316, تاريخ الفقه الإسلامي كلمات في تاريخ التشريع الإسلامي